000
00298nam a2200109Ia 4500
008
220204s9999 xx 000 0 und d
082
_a
336.71
_b
OBA
100
_a
O'BANNON, Helen B
245
0
_a
Money and banking: Theory policy and institutions
260
_a
London
_b
Harper & Row
_c
1975
942
_c
BK
999
_c
25581
_d
25581